000 00829nam a22002057a 4500
999 _c372002
_d372002
008 201127b ||||| |||| 00| 0 eng d
040 _aDE-2950
_bger
_cDE-2950
_erda
041 _ager
245 _aFrankfurter Klinikum bekommt neuen Geschäftsführer
_bGesundheit. Patrick Hilbrenner verlässt das Krankenhaus. Zuletzt hatte es wieder Streit mit dem Betriebsrat gegeben/
_cInes Weber-Rath, Philipp Stepputis und Thomas Gutke
264 _c2022
653 _aFrankfurt (Oder)
653 _aJakobitz, Jan
653 _aKlinikum
653 _aGeschäftsführer
773 _dFrankfurt (Oder) Märkisches Verlags- und Druckhaus GmbH & Co KG
_tMärkische Oderzeitung
_g33. Jahrgang (2022) Nr. 282 vom 03./04.12.2022, S. 17: mit Foto
942 _cA